00738 a2200205 4500003000500000005001700005040000900022082001000031100002800041245009200069260003500161300001600196505013600212538002900348650001400377651001100391942000800402999001900410952010300429Nust20170207153551.0 cNust a005.1 aIslam, Arshad (MSCS-2) aDevelopment of C3I tool for peace time movement and relocation of unitscArshad Islam,  bMCS,NUSTcMay 1998aRawalpindi aix, 102, p; aIntroduction (page-1) Background (page-8) Conceptualization (page-41) Implementation (page-57) Conclusion and future work (page-95) aAlmirah No.69 Shelf No.5 aPG Thesis aMSCS-2 cTHS c188853d188853 00102ddc40708NFICaMCSbMCSd2016-12-12l0o005.1 ISLpMCSTCS-132r2016-12-08w2016-12-12yBK